000 01127cam a22003377a 4500
003 CHAP
005 20220329142444.0
008 010312d2000 mx r 00110 spa d
010 _a83742
011 _a84714
020 _a9701848683
035 _a95240
040 _cCHAP
082 0 4 _a633.15
_bA55
100 0 0 _aAlvarez Gallegos, Manuel.
_94912
245 1 3 _aEl maíz y sus plagas
_c/por Manuel Alvarez Gallegos
260 _aMéxico, D. F. :
_bDirección General de Educación Tecnológica Agropecuaria,
_c2000.
300 _a100 p. + 1 carpeta con 25 acetatos
590 _aBATCH-UPD
_b10
_c20130110
_lUCH01
_h1721
590 _aBATCH-UPD
_b10
_c20130410
_lUCH01
_h1104
590 _aBATCH-UPD
_b10
_c20130914
_lUCH01
_h1755
590 _aCONVERSION
_b10
_c20130109
_lUCH01
_h1347
650 1 4 _aMaíz
_xMercadeo.
_971007
650 1 4 _aMaíz
_xPlagas.
_971034
650 1 4 _aMaíz
_zMéxico.
_971098
901 _aBK
905 _aLilia Sánchez G.
942 _cLIBRO
949 _a633.15 A55
_bBC
_cESP
_d33724000820171
_eESP
_h99833
_i95240
_sb
949 _a633.15 A55
_bBC
_cESP
_d33724000820189
_eESP
_facetatos
_h99834
_i95240
_sb
999 _c83742
_d83742